<?xml version="1.0" encoding="UTF-8"?>
<collection xmlns="http://www.loc.gov/MARC21/slim">
 <record>
  <leader>01031cam a2200241 7i4500</leader>
  <controlfield tag="001">0000080885</controlfield>
  <controlfield tag="005">20140707090000.0</controlfield>
  <controlfield tag="008">101214s2010    my                  may   </controlfield>
  <datafield tag="020" ind1="#" ind2="0">
   <subfield code="a">9789675226793 </subfield>
  </datafield>
  <datafield tag="090" ind1="0" ind2="0">
   <subfield code="a">HM 742 </subfield>
   <subfield code="b">.H4 2010</subfield>
  </datafield>
  <datafield tag="100" ind1="1" ind2="#">
   <subfield code="a">Hendroyono, Tony </subfield>
  </datafield>
  <datafield tag="245" ind1="0" ind2="0">
   <subfield code="a">Cerita betul Facebook : </subfield>
   <subfield code="b">membongkar cerita di sebalik kemasyhuran Facebook  </subfield>
   <subfield code="c">Tony H..</subfield>
  </datafield>
  <datafield tag="260" ind1="#" ind2="#">
   <subfield code="a">Batu Caves, Selangor: </subfield>
   <subfield code="b">PTS Professional Publishing Sdn. Bhd., </subfield>
   <subfield code="c">2010.</subfield>
  </datafield>
  <datafield tag="300" ind1="#" ind2="#">
   <subfield code="a">119 p.: </subfield>
   <subfield code="b">ill.; </subfield>
   <subfield code="c">24 cm..</subfield>
  </datafield>
  <datafield tag="490" ind1="0" ind2="0">
   <subfield code="a">Bisnes &amp; pengurusan</subfield>
  </datafield>
  <datafield tag="500" ind1="#" ind2="#">
   <subfield code="a">Buku 'Cerita Betul Facebook' ini adalah buku yang diterjemahkan secara sah daripada buku asal 'Facebook' oleh Tony Hendroyono terbitan Penerbit B First (PT Bentang Pustaka), Yogyakarta, Indonesia</subfield>
  </datafield>
  <datafield tag="590" ind1="#" ind2="#">
   <subfield code="a">Pusat Pendidikan Asas dan Liberal</subfield>
  </datafield>
  <datafield tag="650" ind1="0" ind2="0">
   <subfield code="a">Social networks </subfield>
  </datafield>
  <datafield tag="650" ind1="0" ind2="0">
   <subfield code="a">Social networks -- </subfield>
   <subfield code="x">Computer network resources </subfield>
  </datafield>
  <datafield tag="650" ind1="0" ind2="0">
   <subfield code="a">Web 2.0 </subfield>
  </datafield>
  <datafield tag="650" ind1="0" ind2="0">
   <subfield code="a">Facebook </subfield>
  </datafield>
  <datafield tag="650" ind1="0" ind2="0">
   <subfield code="a">Online social networks -- </subfield>
   <subfield code="x">Case studies </subfield>
  </datafield>
  <datafield tag="999" ind1=" " ind2=" ">
   <subfield code="a">1100078678</subfield>
   <subfield code="b">Book</subfield>
   <subfield code="c">Open Shelf</subfield>
   <subfield code="e">KOLEKSI TERBUKA</subfield>
  </datafield>
 </record>
</collection>
